Learning Resource and Development

Electrical installation work / (Record no. 27004)

MARC details
000 -LEADER
fixed length control field 02775nam a2200361 i 4500
001 - CONTROL NUMBER
control field 22582800
003 - CONTROL NUMBER IDENTIFIER
control field CSPC
005 - DATE AND TIME OF LATEST TRANSACTION
control field 20250120092550.0
008 - FIXED-LENGTH DATA ELEMENTS--GENERAL INFORMATION
fixed length control field 220527s2023 enk 001 0 eng
010 ## - LIBRARY OF CONGRESS CONTROL NUMBER
LC control number 2022023032
020 ## - INTERNATIONAL STANDARD BOOK NUMBER
International Standard Book Number 9781032348919
040 ## - CATALOGING SOURCE
Original cataloging agency DLC
Language of cataloging eng
Description conventions rda
Transcribing agency DLC
Modifying agency CSPC
042 ## - AUTHENTICATION CODE
Authentication code pcc
050 00 - LIBRARY OF CONGRESS CALL NUMBER
Classification number TK3271
Item number .S267 2023
082 00 - DEWEY DECIMAL CLASSIFICATION NUMBER
Classification number 621.31924
Item number Sca22e
Edition number 23
100 1# - MAIN ENTRY--PERSONAL NAME
Personal name Scaddan, Brian,
Relator term author.
245 10 - TITLE STATEMENT
Title Electrical installation work /
Statement of responsibility, etc. Brian Scaddan.
250 ## - EDITION STATEMENT
Edition statement Tenth edition.
264 #1 - PRODUCTION, PUBLICATION, DISTRIBUTION, MANUFACTURE, AND COPYRIGHT NOTICE
Place of production, publication, distribution, manufacture London :
Name of producer, publisher, distributor, manufacturer Routledge,
Date of production, publication, distribution, manufacture, or copyright notice 2023.
300 ## - PHYSICAL DESCRIPTION
Extent xi, 310 pages :
Other physical details illustrations ;
Dimensions 28 cm.
336 ## - CONTENT TYPE
Content type term text
Content type code txt
Source rdacontent
337 ## - MEDIA TYPE
Media type term unmediated
Media type code n
Source rdamedia
338 ## - CARRIER TYPE
Carrier type term volume
Carrier type code nc
Source rdacarrier
500 ## - GENERAL NOTE
General note Includes index.
505 0# - FORMATTED CONTENTS NOTE
Formatted contents note Basic information and calculations -- Electricity -- Resistance, current and voltage, power and energy -- Electromagnetism -- Capacitors and capacitance -- Resistance, inductance and capacitance in installation work -- Three-phase circuits -- Motors and generators -- Cells and batteries -- Illumination and ELV lighting -- Electricity, the environment and the community -- Health and safety -- The electrical contracting industry -- Installation materials and tools -- Installation circuits and systems -- Earthing and bonding -- Protection -- Circuit and design -- Testing -- Basic electronics technology.
520 ## - SUMMARY, ETC.
Summary, etc. "This highly successful book is now updated in line with the Amendment 2-2022 of 18th Edition of the Wiring Regulations. It provides a topic-by-topic progression through the areas of electrical installations, including how and why electrical installations are designed, installed and tested. This 10th edition contains new material on batteries, LED and ELV lighting, data cabling and renewable electricity generation and distribution, with some focus on medical locations, and a glossary of terms. The guidance on tools used and safety legislation have also been brought up to date. Brian Scaddan's subject-led approach makes this a valuable resource for professionals and students on both City & Guilds and EAL courses. This approach also makes it easy for those who are learning the topic from scratch to get to grips with it independently of any particular course. The book is widely used in education and training across the UK and has been published for almost forty years"--
Assigning source Provided by publisher.
650 #0 - SUBJECT ADDED ENTRY--TOPICAL TERM
Topical term or geographic name entry element Electric wiring, Interior.
650 #0 - SUBJECT ADDED ENTRY--TOPICAL TERM
Topical term or geographic name entry element Electrical engineering.
650 #0 - SUBJECT ADDED ENTRY--TOPICAL TERM
Topical term or geographic name entry element Electric apparatus and appliances
General subdivision Installation.
650 #0 - SUBJECT ADDED ENTRY--TOPICAL TERM
Topical term or geographic name entry element Electric power systems.
942 ## - ADDED ENTRY ELEMENTS (KOHA)
Source of classification or shelving scheme Dewey Decimal Classification
Koha item type Books
Classification part 621.31924
Item part Sca22e
Call number prefix ENG
Call number suffix 2023
Suppress in OPAC No
Edition 23
Holdings
Withdrawn status Lost status Source of classification or shelving scheme Damaged status Not for loan Home library Current library Shelving location Date acquired Total Checkouts Full call number Barcode Date last seen Copy number Price effective from Koha item type
    Dewey Decimal Classification     Main Library Main Library Engineering Section 02/19/2024   ENG 621.31924 Sca22e 2023 027182 02/19/2024 1-3 02/19/2024 Books
    Dewey Decimal Classification     Main Library Main Library Engineering Section 02/19/2024   ENG 621.31924 Sca22e 2023 027183 02/19/2024 2-3 02/19/2024 Books
    Dewey Decimal Classification     Main Library Main Library Engineering Section 01/17/2025   ENG 621.31924 Sca22e 2023 028719 01/17/2025 3-3 01/17/2025 Books